Účetní předpisy pro pojišťovny : komentář : kapitoly z historie účetního práva /

Hlavní autor: Huleš, Jan
Jazyk: Čeština
Vydáno: Praha : Leges, 2018
Edice: Praktik (Leges)
Témata:
Fyzický popis: 238 stran ; 21 cm
Knihy
Uloženo v:
LEADER 02167nam a2200625 i 4500
001 nkc20183008574
003 CZ PrNK
005 20181212091339.0
007 ta
008 180711s2018 xr f l 000 0 cze
015 |a cnb003008574 
020 |a 978-80-7502-282-0  |q (brožováno) 
035 |a (OCoLC)1081370067 
040 |a ABA001  |b cze  |d BOA001  |e rda 
043 |a e-xr--- 
045 |a x5y1 
072 7 |a 657  |x Účetnictví  |2 Konspekt  |9 4 
080 |a 657  |2 MRF 
080 |a 351.72  |2 MRF 
080 |a 368.03  |2 MRF 
080 |a (437.3)  |2 MRF 
080 |a (094.5)  |2 MRF 
080 |a (035)  |2 MRF 
080 |a (0.072)  |2 MRF 
100 1 |a Huleš, Jan  |7 mzk2003170118  |4 cwt 
245 1 0 |a Účetní předpisy pro pojišťovny :  |b komentář : kapitoly z historie účetního práva /  |c Jan Huleš 
246 1 4 |a Účetnictví pojišťoven 
264 1 |a Praha :  |b Leges,  |c 2018 
300 |a 238 stran ;  |c 21 cm 
336 |a text  |b txt  |2 rdacontent 
337 |a bez média  |b n  |2 rdamedia 
338 |a svazek  |b nc  |2 rdacarrier 
490 1 |a Praktik 
504 |a Obsahuje bibliografii a bibliografické odkazy 
648 7 |a 20.-21. století  |7 ch462155  |2 czenas 
648 4 |a 1950-2017 
650 0 7 |a účetnictví  |7 ph116911  |z Česko  |2 czenas 
650 0 7 |a pojišťovny  |7 ph124215  |z Česko  |2 czenas 
650 0 7 |a účetnictví  |7 ph116911  |z Česko  |y 20.-21. století  |2 czenas 
650 0 9 |a accounting  |z Czechia  |2 eczenas 
650 0 9 |a insurance companies  |z Czechia  |2 eczenas 
650 0 9 |a accounting  |z Czechia  |y 20th-21st centuries  |2 eczenas 
655 7 |a právní předpisy  |7 fd133151  |2 czenas 
655 7 |a příručky  |7 fd133209  |2 czenas 
655 7 |a komentáře  |7 fd132578  |2 czenas 
655 9 |a legal regulations  |2 eczenas 
655 9 |a handbooks and manuals  |2 eczenas 
655 9 |a commentaries  |2 eczenas 
830 0 |a Praktik (Leges)  |0 s 
910 2 |a BOA001  |b 2-1416.834 
990 |a BK 
995 |a 01 
991 |b 201811  |c NOV 
996 6 |b 2610760176  |c 2-1416.834  |l MZK  |r Sklad / do 1 hodiny  |n 1  |p p.v.  |w 001694080  |u 000010  |a 1  |e BOA001  |j MZK50  |s P 
996 7 |b 2610761113  |c 2-1416.834  |l Vol.výběr  |r VV 1p  |n 7  |p kup  |h 657 HUL  |w 001694080  |u 000020  |a 0  |e BOA001  |j MZK50  |s A